| 000 | 00535nam a22001937a 4500 | ||
|---|---|---|---|
| 003 | KOHA_MİRAKIL | ||
| 005 | 20251224170857.0 | ||
| 008 | 251224b tu ||||| |||| 00| 0 tur d | ||
| 020 | _a9786257312813 | ||
| 040 |
_aTR-AnABB _btur _cTR-AnABB |
||
| 041 | _atur | ||
| 082 |
_a330 _bGRE 2022 |
||
| 100 | 1 | _aGreif, Avner, | |
| 245 | 1 | 0 |
_aKurumlar ve modern ekonominin gelişimi / _cAvner Greif |
| 260 |
_aİstanbul : _bAlbaraka Yayınları, _c2022 |
||
| 300 |
_a438 sayfa ; _c18 cm |
||
| 650 | 0 | 4 | _aİktisat |
| 942 |
_2ddc _cBK |
||
| 999 |
_c9981 _d9981 |
||
| 900 | _bGizem YORULMAZ | ||